Causation : (Record no. 120398)
[ view plain ]
| 000 -LEADER | |
|---|---|
| fixed length control field | 01161cam a2200361Ii 4500 |
| 001 - CONTROL NUMBER | |
| control field | 10639913 |
| 003 - CONTROL NUMBER IDENTIFIER | |
| control field | ARRUPE |
| 005 - DATE AND TIME OF LATEST TRANSACTION | |
| control field | 20141004020007.0 |
| 008 - FIXED-LENGTH DATA ELEMENTS--GENERAL INFORMATION | |
| fixed length control field | 140107s2013 enka b 001 0 eng d |
| 010 ## - LIBRARY OF CONGRESS CONTROL NUMBER | |
| LC control number | 2013941081 |
| 016 7# - NATIONAL BIBLIOGRAPHIC AGENCY CONTROL NUMBER | |
| Record control number | 016498823 |
| Source | Uk |
| 020 ## - INTERNATIONAL STANDARD BOOK NUMBER | |
| International Standard Book Number | 019968443X (paperback) |
| 020 ## - INTERNATIONAL STANDARD BOOK NUMBER | |
| International Standard Book Number | 9780199684434 (paperback) |
| 035 ## - SYSTEM CONTROL NUMBER | |
| System control number | (OCoLC)ocn830367917 |
| 035 ## - SYSTEM CONTROL NUMBER | |
| System control number | (OCoLC)830367917 |
| 035 ## - SYSTEM CONTROL NUMBER | |
| System control number | (NNC)10639913 |
| 040 ## - CATALOGING SOURCE | |
| Original cataloging agency | YDXCP |
| Transcribing agency | YDXCP |
| Modifying agency | UKMGB |
| -- | CUD |
| Description conventions | rda |
| Modifying agency | SINLB |
| -- | OUN |
| 082 04 - DEWEY DECIMAL CLASSIFICATION NUMBER | |
| Classification number | 122 |
| Edition number | 23 |
| 090 ## - LOCALLY ASSIGNED LC-TYPE CALL NUMBER (OCLC); LOCAL CALL NUMBER (OCLC) | |
| Classification number (OCLC) (R) ; Classification number, CALL (RLIN) (NR) | BD541 |
| Local cutter number (OCLC) ; Book number/undivided call number, CALL (RLIN) | .M86 2013x |
| 300 ## - PHYSICAL DESCRIPTION | |
| Other physical details | illustrations ; |
| Dimensions | 18 cm. |
| 100 1# - MAIN ENTRY--PERSONAL NAME | |
| Personal name | Mumford, Stephen, |
| Relator term | author. |
| 9 (RLIN) | 9831 |
| 245 10 - TITLE STATEMENT | |
| Title | Causation : |
| Remainder of title | a very short introduction / |
| Statement of responsibility, etc | Stephen Mumford and Rani Lill Anjum. |
| 250 ## - EDITION STATEMENT | |
| Edition statement | First edition. |
| 300 ## - PHYSICAL DESCRIPTION | |
| Extent | 128 pages : |
| 490 1# - SERIES STATEMENT | |
| Series statement | Very short introduction ; |
| Volume number/sequential designation | 371 |
| 504 ## - BIBLIOGRAPHY, ETC. NOTE | |
| Bibliography, etc | Includes bibliographical references (pages121-123) and index. |
| 650 #0 - SUBJECT ADDED ENTRY--TOPICAL TERM | |
| Topical term or geographic name as entry element | Causation. |
| 9 (RLIN) | 9832 |
| 700 1# - ADDED ENTRY--PERSONAL NAME | |
| Personal name | Anjum, Rani Lill, |
| Relator term | author. |
| 9 (RLIN) | 9833 |
| 830 #0 - SERIES ADDED ENTRY--UNIFORM TITLE | |
| Uniform title | Very short introductions ; |
| Volume number/sequential designation | 371. |
| 9 (RLIN) | 9834 |
| 942 ## - ADDED ENTRY ELEMENTS (KOHA) | |
| Source of classification or shelving scheme | Library of Congress Classification |
| Koha item type | Monograph ( Printed materials) |
| Koha issues (borrowed), all copies | 6 |
| 948 0# - LOCAL PROCESSING INFORMATION (OCLC); SERIES PART DESIGNATOR (RLIN) | |
| Series part designator, SPT (RLIN) | 20140203 |
| b (OCLC) | x |
| c (OCLC) | ybp21 |
| d (OCLC) | MPS |
| 948 1# - LOCAL PROCESSING INFORMATION (OCLC); SERIES PART DESIGNATOR (RLIN) | |
| Series part designator, SPT (RLIN) | 20140220 |
| b (OCLC) | c |
| c (OCLC) | jmj2176 |
| d (OCLC) | MPS |
| Withdrawn status | Lost status | Source of classification or shelving scheme | Damaged status | Not for loan | Collection code | Home library | Current library | Shelving location | Date acquired | Total Checkouts | Full call number | Barcode | Date last seen | Date checked out | Price effective from | Koha item type |
|---|---|---|---|---|---|---|---|---|---|---|---|---|---|---|---|---|
| Library of Congress Classification | Main Collection | ARRUPE LIBRARY | ARRUPE LIBRARY | Main Collection | 08/04/2014 | 8 | BD541.M962 2013 | 46500001738 | 22/03/2019 | 12/03/2019 | 08/04/2014 | Monograph ( Printed materials) |